| 000 | 02223nam a2200397 a 4500 | ||
|---|---|---|---|
| 001 | ebr10444397 | ||
| 003 | CaPaEBR | ||
| 006 | m u | ||
| 007 | cr cn||||||||| | ||
| 008 | 100908s2011 njua sb 001 0 eng d | ||
| 010 | _z 2010036825 | ||
| 020 | _z9780470529546 (cloth) | ||
| 020 | _z9781118000809 (e-book) | ||
| 040 |
_aCaPaEBR _cCaPaEBR |
||
| 035 | _a(OCoLC)701308684 | ||
| 050 | 1 | 4 |
_aRS190.D77 _bI65 2011eb |
| 082 | 0 | 4 |
_a363.739/4 _222 |
| 245 | 0 | 0 |
_aIllicit drugs in the environment _h[electronic resource] : _boccurrence, analysis, and fate using mass spectrometry / _cedited by Sara Castiglioni, Ettore Zuccato, Roberto Fanelli. |
| 260 |
_aHoboken, N.J. : _bWiley, _cc2011. |
||
| 300 |
_axvii, 346 p. : _bill. |
||
| 504 | _aIncludes bibliographical references and index. | ||
| 505 | 0 | _asection 1. Introduction -- section 2. The physiology of illicit drugs -- section 3. Mass spectrometry in illicit drugs detection and measurement- current and novel environmental applications -- section 4. A. Mass spectrometric analysis of illicit drugs in the environment : occurrence and fate in wastewater and surface water -- section 4. B. Mass spectrometric analysis of illicit drugs in the environment : illicit drugs in drinking water -- section 4. C. Mass specrometric analysis of illicit drugs in the environment : presence in air and suspended particulate matter -- section 5. Applications of illicit drug analysis in the environment -- section 6. Conclusions. | |
| 533 |
_aElectronic reproduction. _bPalo Alto, Calif. : _cebrary, _d2011. _nAvailable via World Wide Web. _nAccess may be limited to ebrary affiliated libraries. |
||
| 650 | 0 |
_aDrugs of abuse _xAnalysis. |
|
| 650 | 0 |
_aDrugs of abuse _xEnvironmental aspects. |
|
| 650 | 0 |
_aDrugs of abuse _xSpectra. |
|
| 650 | 0 |
_aWater _xAnalysis. |
|
| 650 | 0 | _aOrganic water pollutants. | |
| 650 | 0 | _aMass spectrometry. | |
| 655 | 7 |
_aElectronic books. _2local |
|
| 700 | 1 |
_aCastiglioni, Sara, _d1976- |
|
| 700 | 1 |
_aZuccato, Ettore, _d1952- |
|
| 700 | 1 |
_aFanelli, Roberto, _d1944- |
|
| 710 | 2 | _aebrary, Inc. | |
| 856 | 4 | 0 |
_uhttp://site.ebrary.com/lib/rucke/Doc?id=10444397 _zAn electronic book accessible through the World Wide Web; click to view |
| 999 |
_c246456 _d246456 |
||